000 00736nam a2200169 i 4500
001 155593
003 ES-MaACL
005 20230906210134.0
008 040820s1889 sz a |||| | fre d
245 0 2 _aL'horlogerie suisse /
_cExposition Universelle de 1889.
260 _aParis :
_b[s.n.],
_c1889 (
_fImp. Réunies, Etablissement C)
300 _a30 p. :
_bil. ;
_c24 cm.
594 _aTexto firmado por Léon Pradel, y los responsables de la ed. de la obra son Longines y Ernest Francillon & C.
650 4 _aRelojes-
_zSuiza.
_9155978
711 2 _aExposición Universal (
_d1889.
_cParís)
_9135154
852 _aES-MaACL
_jT-554-F-7
_z- Enc. hol., conservando cub. original
_z- Donativo de Pechemiel
_z- Enc. en un vol. facticio
999 _c155593
_d155593